[Event "Madrid San Viator op-B 30th"]
[Site "Madrid"]
[Date "2018.05.27"]
[Round "7"]
[White "Iriarte Gomez, Enrique"]
[Black "Alises Fontecha, Juan"]
[Result "1-0"]
[WhiteElo "1638"]
[BlackElo "1530"]
[PlyCount "65"]
[EventDate "2018.04.08"]
[EventType "swiss"]
[EventRounds "9"]
[EventCountry "ESP"]
[SourceTitle "EXT 2019"]
[Source "ChessBase"]
[SourceDate "2018.10.10"]
[SourceVersion "1"]
[SourceVersionDate "2018.10.10"]
[SourceQuality "1"]

1. d4 d5 2. Nf3 Nf6 3. Bg5 Nbd7 4. e3 h6 5. Bh4 Ne4 6. Bd3 g5 7. Bg3 Ndf6 8. Ne5 Bf5 9. Bb5+ c6 10. Bd3 Qa5+ 11. c3 Qb6 12. b4 Bg7 13. f3 Nxg3 14. hxg3 Be6 15. Nd2 Qc7 16. f4 Nd7 17. Ndf3 g4 18. Nh4 Nxe5 19. fxe5 Bxe5 20. dxe5 Qxe5 21. Kd2 c5 22. bxc5 Rc8 23. Qa4+ Kf8 24. Qd4 Qg7 25. Rhf1 Qxd4 26. cxd4 Rg8 27. Bf5 Bxf5 28. Rxf5 e6 29. Rf6 h5 30. Raf1 Rc7 31. Rxe6 Kg7 32. Nf5+ Kf8 33. Rd6 1-0

[Event "Madrid San Viator op-B 30th"]
[Site "Madrid"]
[Date "2018.04.15"]
[Round "2"]
[White "Iriarte Gomez, Enrique"]
[Black "Jodar Lopez, Javier"]
[Result "1-0"]
[WhiteElo "1638"]
[BlackElo "1277"]
[PlyCount "39"]
[EventDate "2018.04.08"]
[EventType "swiss"]
[EventRounds "9"]
[EventCountry "ESP"]
[SourceTitle "EXT 2019"]
[Source "ChessBase"]
[SourceDate "2018.10.10"]
[SourceVersion "1"]
[SourceVersionDate "2018.10.10"]
[SourceQuality "1"]

1. d4 Nf6 2. Bg5 e6 3. Nc3 Bb4 4. e4 Bxc3+ 5. bxc3 h6 6. Bxf6 Qxf6 7. e5 Qd8 8. Qg4 0-0 9. Bd3 d6 10. Qe4 g6 11. Nf3 d5 12. Qe3 b6 13. Qxh6 Re8 14. Ng5 Qd7 15. Qh7+ Kf8 16. Qh8+ Ke7 17. Qf6+ Kf8 18. Bxg6 Nc6 19. Bxf7 Nd8 20. Nh7# 1-0

[Event "Madrid San Viator op-B 28th"]
[Site "Madrid"]
[Date "2017.05.07"]
[Round "5"]
[White "Iriarte Gomez, Enrique"]
[Black "Castro Uceda, Jose Antonio"]
[Result "0-1"]
[WhiteElo "1658"]
[BlackElo "1534"]
[PlyCount "60"]
[EventDate "2017.03.26"]
[EventType "swiss"]
[EventRounds "9"]
[EventCountry "ESP"]
[SourceTitle "EXT 2019"]
[Source "ChessBase"]
[SourceDate "2018.10.10"]
[SourceVersion "1"]
[SourceVersionDate "2018.10.10"]
[SourceQuality "1"]

1. e4 c5 2. d4 cxd4 3. c3 Nc6 4. cxd4 e6 5. Nc3 Bb4 6. Nf3 Nf6 7. Qc2 Qb6 8. a3 Be7 9. d5 exd5 10. exd5 Nd4 11. Nxd4 Qxd4 12. Be3 Qe5 13. 0-0-0 0-0 14. g4 d6 15. h3 Bd8 16. Bd4 Qf4+ 17. Be3 Qe5 18. Kb1 Bb6 19. Bc1 Bd7 20. f4 Qe8 21. Bc4 Rc8 22. Rhe1 Qd8 23. Qd3 Bc5 24. g5 Nh5 25. Qf3 g6 26. Bd3 Bxa3 27. Re2 Qb6 28. Ne4 Ba4 29. Rg1 Qxg1 30. Nc3 Rxc3 0-1

[Event "Madrid San Viator op-B 28th"]
[Site "Madrid"]
[Date "2017.04.09"]
[Round "3"]
[White "Iriarte Gomez, Enrique"]
[Black "Aparicio Iriso, Miguel"]
[Result "0-1"]
[WhiteElo "1658"]
[BlackElo "1474"]
[PlyCount "72"]
[EventDate "2017.03.26"]
[EventType "swiss"]
[EventRounds "9"]
[EventCountry "ESP"]
[SourceTitle "EXT 2019"]
[Source "ChessBase"]
[SourceDate "2018.10.10"]
[SourceVersion "1"]
[SourceVersionDate "2018.10.10"]
[SourceQuality "1"]

1. d4 Nf6 2. Bg5 c5 3. Nc3 cxd4 4. Qxd4 Nc6 5. Qh4 Qb6 6. 0-0-0 h6 7. Bxf6 gxf6 8. e3 Rg8 9. Nh3 Qb4 10. Qxb4 Nxb4 11. Nf4 Kd8 12. Rg1 a6 13. a3 Nc6 14. Nfd5 Rb8 15. Nb6 d6 16. Nxc8 Rxc8 17. Nd5 Bg7 18. g3 Ne5 19. Bg2 f5 20. Nc3 Rc7 21. Bd5 e6 22. Bg2 Ke7 23. h3 Nc4 24. Rd3 Rgc8 25. Nb1 Bxb2+ 26. Kd1 Bf6 27. Ke2 d5 28. Rc1 Nd6 29. Rb3 Rxc2+ 30. Rxc2 Rxc2+ 31. Kf1 Rb2 32. Rxb2 Bxb2 33. a4 Nc4 34. g4 fxg4 35. hxg4 Be5 36. f4 Nxe3+ 0-1

[Event "Madrid San Viator op-B 26th"]
[Site "Madrid"]
[Date "2016.05.15"]
[Round "6"]
[White "Mateos Cordero, Francisco"]
[Black "Iriarte Gomez, Enrique"]
[Result "1-0"]
[WhiteElo "1623"]
[BlackElo "1720"]
[PlyCount "69"]
[EventDate "2016.04.03"]
[EventType "swiss"]
[EventRounds "9"]
[EventCountry "ESP"]
[SourceTitle "EXT 2017"]
[Source "ChessBase"]
[SourceDate "2016.10.25"]
[SourceVersion "1"]
[SourceVersionDate "2016.10.25"]
[SourceQuality "1"]

1. d4 f5 2. Nf3 Nf6 3. c4 g6 4. Nc3 Bg7 5. g3 d6 6. Bg2 0-0 7. 0-0 c6 8. Qc2 Na6 9. a3 Qe8 10. Rd1 Bd7 11. Bd2 Rb8 12. Bf4 Nh5 13. Bc1 Qf7 14. Ng5 Qf6 15. e4 f4 16. h4 Bg4 17. e5 dxe5 18. Nce4 Qf5 19. f3 Bxf3 20. Nxf3 Nxg3 21. Nfg5 Qg4 22. Nxg3 fxg3 23. Nf3 Rxf3 24. Bxf3 Qxf3 25. Rf1 Qg4 26. Bg5 Qxd4+ 27. Kg2 Qg4 28. Bxe7 Re8 29. Bd6 Qxh4 30. Rh1 Qg5 31. Raf1 h5 32. c5 h4 33. Qc4+ Kh7 34. Rxh4+ Bh6 35. Qf7+ 1-0